LEADER 01017nam 2200349 450 001 9910165100003321 005 20230808193813.0 010 $a1-5040-3796-0 035 $a(CKB)3710000000730914 035 $a(MiAaPQ)EBC4542981 035 $a(EXLCZ)993710000000730914 100 $a20160713d2016 uy| 1 101 0 $aeng 135 $aurcnu|||||||| 181 $2rdacontent 182 $2rdamedia 183 $2rdacarrier 200 10$aLark /$fRichard Forrest 210 1$aNew York :$cMysteriousPress.com/Open Road Integrated Media,$d2016. 215 $a1 online resource (152 pages) 606 $aDetective and mystery stories 606 $aCooking, American$xPacific Northwest style$vFiction 615 0$aDetective and mystery stories. 615 0$aCooking, American$xPacific Northwest style 700 $aForrest$b Richard$01374144 801 0$bMiAaPQ 801 1$bMiAaPQ 801 2$bMiAaPQ 906 $aBOOK 912 $a9910165100003321 996 $aLark$93413337 997 $aUNINA LEADER 04627nam 2201033 450 001 9910823026203321 005 20230803195406.0 010 $a0-520-95806-3 024 7 $a10.1525/9780520958067 035 $a(CKB)2670000000529465 035 $a(EBL)1645300 035 $a(SSID)ssj0001133156 035 $a(PQKBManifestationID)11574209 035 $a(PQKBTitleCode)TC0001133156 035 $a(PQKBWorkID)11157395 035 $a(PQKB)11427025 035 $a(MiAaPQ)EBC1645300 035 $a(OCoLC)871860643 035 $a(MdBmJHUP)muse32345 035 $a(DE-B1597)520190 035 $a(OCoLC)1100562983 035 $a(DE-B1597)9780520958067 035 $a(Au-PeEL)EBL1645300 035 $a(CaPaEBR)ebr10843142 035 $a(CaONFJC)MIL579398 035 $a(OCoLC)900214477 035 $a(EXLCZ)992670000000529465 100 $a20131213h20142014 uy| 0 101 0 $aeng 135 $aurcnu|||||||| 181 $ctxt 182 $cc 183 $acr 200 10$aVoicing subjects $epublic intimacy and mediation in Kathmandu /$fLaura Kunreuther 210 1$aBerkeley :$cUniversity of California Press,$d[2014] 210 4$dİ2014 215 $a1 online resource (323 p.) 225 1 $aSouth Asia across the disciplines 300 $aDescription based upon print version of record. 311 $a0-520-27070-3 311 $a0-520-27068-1 320 $aIncludes bibliographical references and index. 327 $aList of illustrations -- Introduction: public intimacy and voicing subjects in Kathmandu -- Intimate callings and voices of reform : law, property, and familial love -- Seeing face/hearing voice : tactile vision and signs of presence -- Making waves : social and political context of FM radio -- Mero kath, mero gt : affective publics, public intimacy, and voiced writing -- Diasporic voices : sounds of the diaspora in Kathmandu -- Epilogue: royal victims, voicing subjects -- Notes -- References -- Index. 330 $aVoicing Subjects traces the relation between public speech and notions of personal interiority in Kathmandu.  It explores two seemingly distinct formations of voice that have emerged in the midst of the country's recent political and economic upheavals: a political voice associated with civic empowerment and collective agency, and an intimate voice associated with emotional proximity and authentic feeling.  Both are produced and circulated through the media, especially through interactive technologies. The author argues that these two formations of voice are mutually constitutive and aligned with modern ideologies of democracy and neoliberal economic projects.  This ethnography is set during an extraordinary period in Nepal's history that has seen a relatively peaceful 1990 revolution that re-established democracy, a Maoist civil war, and the massacre of the royal family.  These dramatic changes have been accompanied by the proliferation of intimate and political discourse in the expanding public sphere, making the figure of voice ever more critical to an understanding of emerging subjectivity, structural change and cultural mediation. 410 0$aSouth Asia across the disciplines. 606 $aMass media$zNepal$zKathmandu 606 $aCommunication$xPolitical aspects$zNepal$zKathmandu 610 $a1990 revolution. 610 $aasia scholars. 610 $aasian studies. 610 $acivic empowerment. 610 $acollective agency. 610 $acultural mediation. 610 $ademocracy. 610 $aeconomic change. 610 $aemotional experiences. 610 $aethnographers. 610 $aethnography. 610 $ahistorians. 610 $ainteractive technologies. 610 $ainteriority. 610 $aintimate voice. 610 $akathmandu. 610 $amaoist civil war. 610 $amedia studies. 610 $amediation. 610 $amodern history. 610 $amodern ideologies. 610 $aneoliberalism. 610 $anepal. 610 $apersonal life. 610 $apolitical history. 610 $apolitical turmoil. 610 $apolitical voice. 610 $apublic intimacy. 610 $apublic speech. 610 $asouth asia. 615 0$aMass media 615 0$aCommunication$xPolitical aspects 676 $a302.2095496 686 $aLB 39390$2rvk 700 $aKunreuther$b Laura$f1969-$01685699 801 0$bMiAaPQ 801 1$bMiAaPQ 801 2$bMiAaPQ 906 $aBOOK 912 $a9910823026203321 996 $aVoicing subjects$94058026 997 $aUNINA LEADER 02311oas 2200673 a 450 001 9910222252803321 005 20250713213019.0 035 $a(OCoLC)225679507 035 $a(CONSER) 2010200142 035 $a(CKB)2320000000019018 035 $a(EXLCZ)992320000000019018 100 $a20070925a20049999 ua a 101 0 $aeng 135 $aur||||||||||| 181 $ctxt$2rdacontent 182 $cc$2rdamedia 183 $acr$2rdacarrier 200 04$aThe journal of physical security 210 $aArgonne, IL $cVulnerability Assessment Team at Argonne National Laboratory 300 $aRefereed/Peer-reviewed 300 $aRefereed serial. 311 08$a2157-8443 517 1 $aJPS 531 0 $aJ. phys. sec. 606 $aRadioactive substances$xSecurity measures$vPeriodicals 606 $aRadioactive substances$xRisk assessment$vPeriodicals 606 $aNuclear facilities$xRisk assessment$vPeriodicals 606 $aNuclear facilities$xSecurity measures$vPeriodicals 606 $aNuclear industry$xRisk assessment$vPeriodicals 606 $aNuclear industry$xSecurity measures$vPeriodicals 606 $aSecurity systems$vPeriodicals 606 $aNuclear facilities$xSecurity measures$2fast$3(OCoLC)fst01040157 606 $aNuclear industry$xSecurity measures$2fast$3(OCoLC)fst01040313 606 $aSecurity systems$2fast$3(OCoLC)fst01110883 608 $aPeriodicals.$2fast 615 0$aRadioactive substances$xSecurity measures 615 0$aRadioactive substances$xRisk assessment 615 0$aNuclear facilities$xRisk assessment 615 0$aNuclear facilities$xSecurity measures 615 0$aNuclear industry$xRisk assessment 615 0$aNuclear industry$xSecurity measures 615 0$aSecurity systems 615 7$aNuclear facilities$xSecurity measures. 615 7$aNuclear industry$xSecurity measures. 615 7$aSecurity systems. 676 $a363 712 02$aArgonne National Laboratory.$bVulnerability Assessment Team. 801 0$bAU@ 801 1$bAU@ 801 2$bDLC 801 2$bOCLCQ 801 2$bOCLCO 801 2$bOCLCQ 801 2$bOCLCF 801 2$bOCLCL 906 $aJOURNAL 912 $a9910222252803321 996 $aThe journal of physical security$92090745 997 $aUNINA